=LDR 00000nam 2200000 4500 =001 INLIS000000000061438 =005 20221017021628 =035 ##$$a 0010-1022000179 =007 ta =008 221017###########################0###### =020 ##$$a 978-623-6312-97-1 =082 ##$$a 899. 221 =084 ##$$a 899. 221 ISM a =100 #$$a Ismi Rahayu, Diah Nuraini Fathimah =245 1#$$a Aku dan Tetangga /$c Ismi Rahayu =260 ##$$a Jakarta :$b Azkiya Publishing,$c 2021 =300 ##$$a 168 halaman ; $c 20 cm =650 #4$$a Fiksi - Indonesia =700 #$$a Editor : Adhita Didiet =504 ##$$a Bibliografi : halaman 168 =990 ##$$a 10891089 =990 ##$$a 383/51/2022 =990 ##$$a 383/51/2022